Brief History of the Presbyterians (Record no. 6318)

MARC details
000 -LEADER
fixed length control field 00661nam a2200253 a 4500
020 ## - INTERNATIONAL STANDARD BOOK NUMBER
ISBN 0664222
082 00 - DEWEY DECIMAL CLASSIFICATION NUMBER
Classification number 270
Author Cutter LOE
100 ## - MAIN ENTRY--AUTHOR NAME
Author name Loetscher, Lefferts
245 ## - TITLE STATEMENT
Title Brief History of the Presbyterians
260 ## - PUBLICATION, DISTRIBUTION, ETC. (IMPRINT)
Place of publication Louisville
Name of publisher Westminister Press
Year of publication 1983
300 ## - PHYSICAL DESCRIPTION
Number of Pages 224p
500 ## - GENERAL NOTE
General note includes index and biblioraphy
505 2# - FORMATTED CONTENTS NOTE
Formatted contents note Bibliography, Topical Index
650 ## - SUBJECT ADDED ENTRY--TOPICAL TERM
Topical Term Church-History
650 ## - SUBJECT ADDED ENTRY--TOPICAL TERM
Topical Term Presbyterian Church
942 ## - ADDED ENTRY ELEMENTS (KOHA)
Koha item type Books
700 1# -
-- Loetscher, Lefferts
Holdings
Collection code Home library Current library Date acquired Cost, normal purchase price Full call number Accession Number Koha item type
  Henry Martyn Institute Library Henry Martyn Institute Library 07/17/2007 100.00 270 LOE 012395 Books
                   Copyright © 2026 | Henry Martyn Institute | Hyderabad | TS-500052 | INDIA | Implemented by hmi.edu.in
Hit-Count:

Powered by Koha